Long-Lived Employment Effects of Delays in Emergency Financing for Small Businesses

Oneskorenie poskytovania úverov v rámci programu ochrany výplaty z dôvodu rýchleho vyčerpania počiatočných financií malo veľký a pretrvávajúci negatívny vplyv na zamestnanosť. Odhadujeme, že zvýšenie veľkosti počiatočného financovania PPP o 10 percent by mohlo zvýšiť zamestnanosť o viac ako 2 milión...

ver descrição completa

Na minha lista:
Detalhes bibliográficos
Autor principal: Doniger, Cynthia L.
Outros Autores: Kay, Benjamin
Formato: Capítulo de Livro
Idioma:inglês
Assuntos:
Tags: Adicionar Tag
Sem tags, seja o primeiro a adicionar uma tag!

MARC

LEADER 00000naa a2200000 4500
001 0299211
005 20240216083100.2
041 0 |a eng 
044 |a NL 
245 1 0 |a Long-Lived Employment Effects of Delays in Emergency Financing for Small Businesses  |c Cynthia L. Doniger, Benjamin Kay 
520 |a Oneskorenie poskytovania úverov v rámci programu ochrany výplaty z dôvodu rýchleho vyčerpania počiatočných financií malo veľký a pretrvávajúci negatívny vplyv na zamestnanosť. Odhadujeme, že zvýšenie veľkosti počiatočného financovania PPP o 10 percent by mohlo zvýšiť zamestnanosť o viac ako 2 milióny pracovných miest do leta 2020 a viac ako 1 milión pracovných miest do jesene. Implikované náklady na ušetrené pracovné miesto sú v prípade stimulačného programu nízke, zatiaľ čo naše veľkosti účinkov sú v súlade s nedávnymi odhadmi účinkov načasovania platieb a nákladov na externé financovanie malých podnikov. Okrem toho najmenšie firmy s najväčšou pravdepodobnosťou čelili oneskoreniu a nachádzame sugestívne dôkazy, že náklady na oneskorenie boli akútnejšie pre pracovníkov v týchto firmách a pre samostatne zárobkovo činné osoby. Heterogénne účinky sú v súlade s tým, že títo dlžníci čelia väčším ťažkostiam pri získavaní alternatívneho financovania a naznačujú, že cielenejší program by mohol dosiahnuť ešte väčšiu účinnosť. 
610 2 0 |a zamestnanosť 
610 2 0 |a podnik malý 
610 2 0 |a financovanie 
610 2 0 |a úver 
610 2 0 |a dlžníci 
100 1 |a Doniger, Cynthia L. 
700 1 |a Kay, Benjamin